000 00832nam a2200241Ia 4500
003 OSt
005 20220923211047.0
006 a|||||r|||| 00| 0
007 ta
008 Pun
020 _a817647102X (hbk)
_c150
024 _a246,002
037 _b7830/XI, 31/01/2011, Arsee Publishers
_cTextual
040 _aARTS
_cARTS
_bPun
041 _2Pun
_aPun
082 _aO153,6NMNHx, P2
100 _aਮਿਨਹਾਸ, ਕੁਲਵਿੰਦਰ ਕੌਰ
_9157750
245 0 _aਜਿੰਨੀ ਚਾਖਿਆ ਪ੍ਰੇਮ ਰਸੁ
260 _aਲੁਧਿਆਣਾ
_b ਲਾਹੌਰ ਬੁੱਕ Fਾਪ
_c2002
300 _a184ਪੰ
_ccm.
942 _hO153,6NMNHx, P2
_cTEXL
_2CC
999 _c294666
_d294666